Barcelona, posa't guapa : Campanya per a la Protecció i Millora del Paisatge Urbà 1986/1992 Campanya per a la Protecció i Millora del Paisatge Urbà 1986/1992
Descripción Física:
231 p. : il., col. ; 30 cm
MARC
| LEADER | 00000nam a2200000Ia 4500 | ||
|---|---|---|---|
| 001 | 10443 | ||
| 008 | 160829s1993 xx 000 0 cat d | ||
| 080 | |a B-1-305 | ||
| 245 | |a Barcelona, posa't guapa : |b Campanya per a la Protecció i Millora del Paisatge Urbà 1986/1992 | ||
| 260 | |a Barcelona : |b Ajuntament de Barcelona, |c 1993 | ||
| 300 | |a 231 p. : |b il., col. ; |c 30 cm | ||
| 650 | |a Campanya per a la Millora del Paisatge Urbà |9 21851 | ||
| 650 | |a Rehabilitació urbana |x Barcelona |9 45988 | ||
| 710 | 1 | |a Barcelona (Catalunya). |b Ajuntament |9 50981 | |
| 901 | |a Arxiu | ||
| 942 | |n 1 | ||
| 952 | |0 0 |1 0 |4 0 |6 B1305 |7 1 |9 41876 |a Arxiu |b Arxiu |d 2016-12-01 |l 0 |o B-1-305 |p 10443 |r 2016-12-01 00:00:00 |w 2016-12-01 |y ARXIU | ||
| 999 | |c 44323 |d 44323 | ||